|
|
|
|
| LEADER |
00000cam a2200000 7i4500 |
| 001 |
0000003419 |
| 005 |
20051221.0 |
| 090 |
0 |
0 |
|a JPSM 634.9209595
|b ISO
|
| 110 |
1 |
0 |
|a Jabatan Perhutanan Semenanjung Malaysia
|
| 245 |
1 |
0 |
|a DOKUMEN MS ISO 9001 : 2000 (Vol. 5). :
|b "Pengurusan Pengeluaran Kayu secara Berkekalan bagi Hutan Darat Asli di Hutan Simpanan Kekal
|
| 260 |
0 |
0 |
|a Kuala Lumpur :
|b Jabatan Perhutanan Semenanjung Malaysia ,
|c 2005
|
| 300 |
|
|
|a 72 p. ;
|c 30 cm.
|
| 500 |
0 |
0 |
|a Prosedur Kualiti (Sokongan)
|
| 650 |
0 |
0 |
|a Forest and forestry
|z Malaysia
|x Handbook, manual, etc.
|
| 650 |
0 |
0 |
|a Forest management
|z Malaysia
|x Handbook, manual, etc.
|
| 999 |
|
|
|a 0000006490
|b Monograph
|c Open Shelf
|e Default branch
|